Laporan kaji selidik penggunaan bahasa Malayu dalam bidang kehakiman dan undang-undang

Bibliographic Details
Main Author: Ahmad Mohd Yusof (Author)
Format: Book
Published: Kuala Lumpur : Dewan Bahasa dan Pustaka , 1992
Subjects:

MARC

LEADER 00000cam a2200000 7i4500
001 0000008454
005 20160306093000.0
008 021119s1992
020 |a 983622730X 
090 0 0 |a d41 PL5065   |b .L37 1992 r 
245 0 0 |a Laporan kaji selidik penggunaan bahasa Malayu dalam bidang kehakiman dan undang-undang   |c ditulis oleh Ahmad Mohd Yusof ... [dll.] 
260 |a Kuala Lumpur :   |b Dewan Bahasa dan Pustaka ,   |c 1992 
300 |a xxix, 349 p. ;   |c 24 cm. 
504 |a Includes bibliographical references 
650 0 |a Law   |z Malaysia   |x Language 
650 0 |a Malay language   |x Usage 
700 0 |a Ahmad Mohd Yusof ,   |e author 
999 |a 1000026342   |b Book   |c Reference   |e Gong Badak Campus 
999 |a 1000026343   |b Book   |c Reference   |e Gong Badak Campus 
999 |a 1000063508   |b Book   |c Reference   |e Gong Badak Campus